| 000 | 00559nam a2200181 a 4500 | ||
|---|---|---|---|
| 001 | 000040664 | ||
| 005 | 20201002034304.0 | ||
| 008 | 130905s2012 sp a 000 0 spa d | ||
| 020 | _a9788494008528 | ||
| 040 |
_aDO-SdBNP _bspa _cBNPHU |
||
| 082 |
_axxxx _bxxxx |
||
| 100 | 1 |
_aRovira Murillo, José Enrique _967029 |
|
| 240 | 1 | 1 | _a1898: la invasión de Puerto Rico |
| 245 | 1 | 0 | _aMil ochocientos noventa y ocho: La invasión de Puerto Rico. |
| 260 |
_aEspaña, : _bCanchales, _c2012. |
||
| 300 |
_a220 p : _bil. ; _c21 cm. |
||
| 504 | _aBibliografía p: 213-214 | ||
| 999 |
_c40154 _d40154 |
||